| 000 | 00795cam a2200265 4500 | ||
|---|---|---|---|
| 001 | 3280 | ||
| 005 | 20250821143502.0 | ||
| 020 | _a0590045296 | ||
| 040 |
_aDLC _cDLC _dDLC _beng |
||
| 050 | 0 | 0 |
_aPZ7.L7795 _b1970 |
| 082 | 0 | 0 | _a813.54 |
| 100 | 1 | _aLobel, Arnold | |
| 245 | 1 | 0 |
_aFrog and toad are friends / _cstory and pictures by Lobel, Arnold |
| 260 |
_aNew York : _bHarper & Row , _c1970 |
||
| 300 |
_a64 pages : _bcolor illustrations ; _c21 cm. |
||
| 490 | 0 | _a Frog and Toad | |
| 505 | _aJ | ||
| 520 | _aFive tales recounting the adventures of two best friends - Frog and Toad. | ||
| 521 |
_a470
_bLexile |
||
| 521 |
_aJ
_bRaz-Plus |
||
| 650 | 1 |
_aFrogs _xFiction |
|
| 650 | 1 |
_aToads _xFiction |
|
| 906 |
_a7 _bcbc _corignew _d2 _encip _f19 _gy-gencatlg |
||
| 942 |
_2ddc _cBK _n0 |
||
| 999 |
_c3280 _d3280 |
||